000 00479nam a2200169 i 4500
001 23049
003 ES-MaACL
005 20230906152815.0
007 t|
008 021205s1963 sp ||||1| spa d
100 1 _aAlvarez Villar, Alfonso.
_920998
245 1 0 _aPsicología genética y diferencial /
_cA. Alvarez Villar.
260 _aMadrid :
_bMorata,
_c[1963]
300 _a154 p. ;
_c23 cm.
505 8 _aT. I. Las edades del hombre
852 _aES-MaACL
_jE-4342
_bR.51750
999 _c23049
_d23049